[Event "Wasselonne op"]
[Site "Wasselonne"]
[Date "2009.08.08"]
[Round "5"]
[White "Schmucker, Roger"]
[Black "Degardin, Sylvain"]
[Result "1-0"]
[WhiteElo "2065"]
[BlackElo "1780"]
[PlyCount "99"]
[EventDate "2009.08.06"]
[EventType "swiss"]
[EventRounds "7"]
[EventCountry "FRA"]
[SourceTitle "EXT 2011"]
[Source "ChessBase"]
[SourceDate "2010.11.26"]
[SourceVersion "1"]
[SourceVersionDate "2010.11.26"]
[SourceQuality "1"]

1. e4 e6 2. d4 d5 3. Nd2 Nf6 4. e5 Nfd7 5. Bd3 c5 6. c3 Nc6 7. Ne2 cxd4 8. cxd4 f6 9. exf6 Nxf6 10. 0-0 Bd6 11. Nf3 0-0 12. Nc3 a6 13. a3 Qc7 14. Bg5 h6 15. Bh4 Bd7 16. Rc1 Ng4 17. Bg3 Bxg3 18. hxg3 b5 19. Bb1 Qb6 20. Qd3 Nf6 21. Rcd1 Na5 22. Ne5 Rfd8 23. Rfe1 Rac8 24. Re2 Nc4 25. g4 a5 26. Nxd7 Rxd7 27. g5 hxg5 28. Rde1 Rd6 29. a4 b4 30. Nb5 Rdc6 31. g4 Re8 32. Kg2 Qb8 33. b3 Na3 34. Nxa3 bxa3 35. Re5 Ne4 36. R1xe4 dxe4 37. Qxe4 Rc1 38. Qh7+ Kf8 39. Rxg5 Rc7 40. Qh8+ Ke7 41. Qxg7+ Kd8 42. Qf6+ Kc8 43. Rb5 Qa8+ 44. f3 a2 45. Bxa2 Rc2+ 46. Kg3 Rxa2 47. Qf7 Rh8 48. Qxe6+ Kd8 49. Qd6+ Kc8 50. Rc5+ 1-0

[Event "FRA-chT2 East 0607"]
[Site "France"]
[Date "2007.03.31"]
[Round "10.3"]
[White "Schmucker, Roger"]
[Black "Fernandez Aguado, Juan Luis"]
[Result "0-1"]
[WhiteElo "2092"]
[BlackElo "2312"]
[PlyCount "44"]
[EventDate "2006.10.15"]
[EventType "team"]
[EventRounds "11"]
[EventCountry "FRA"]
[SourceTitle "EXT 2008"]
[Source "ChessBase"]
[SourceDate "2007.11.25"]
[SourceVersion "1"]
[SourceVersionDate "2007.11.25"]
[SourceQuality "1"]
[WhiteTeam "Sarreguemines"]
[BlackTeam "Selestat"]
[WhiteTeamCountry "FRA"]
[BlackTeamCountry "FRA"]

1. e4 c5 2. Nf3 d6 3. d3 Nc6 4. g3 e5 5. Bg2 Be7 6. 0-0 h5 7. h4 Bg4 8. c3 g5 9. hxg5 h4 10. gxh4 Rxh4 11. Qb3 Bxf3 12. g6 c4 13. Qxb7 Rg4 14. Qxc6+ Kf8 15. gxf7 Rxg2+ 16. Kh1 Rg7+ 17. Kh2 Rh7+ 18. Kg3 Rxf7 19. Nd2 Bh4+ 20. Kh2 Rc8 21. Qd5 Nf6 22. Qe6 Bg4 0-1

[Event "FRA-chT2 East 0607"]
[Site "France"]
[Date "2007.01.21"]
[Round "6.7"]
[White "Brunstein, Sandrine"]
[Black "Schmucker, Roger"]
[Result "1/2-1/2"]
[WhiteElo "2026"]
[BlackElo "2092"]
[PlyCount "52"]
[EventDate "2006.10.15"]
[EventType "team"]
[EventRounds "11"]
[EventCountry "FRA"]
[SourceTitle "EXT 2008"]
[Source "ChessBase"]
[SourceDate "2007.11.25"]
[SourceVersion "1"]
[SourceVersionDate "2007.11.25"]
[SourceQuality "1"]
[WhiteTeam "Obernai"]
[BlackTeam "Sarreguemines"]
[WhiteTeamCountry "FRA"]
[BlackTeamCountry "FRA"]

1. e4 e5 2. Nf3 d6 3. d4 exd4 4. Nxd4 Be7 5. Nc3 Nf6 6. Be2 0-0 7. 0-0 Re8 8. Be3 Bf8 9. Bf3 Nbd7 10. Bg5 h6 11. Bh4 c6 12. Re1 Ne5 13. h3 g5 14. Bg3 a6 15. Be2 Qc7 16. Qd2 b5 17. a3 Ng6 18. Bf3 Ne5 19. Be2 Ng6 20. Bf3 Bd7 21. Rad1 Ne5 22. Be2 a5 23. b4 axb4 24. axb4 Ng6 25. Bf3 Ne5 26. Be2 Ng6 1/2-1/2

[Event "FRA-chT2D 0506"]
[Site "France"]
[Date "2005.12.04"]
[Round "4.6"]
[White "Chebance, Benoit"]
[Black "Schmucker, Roger"]
[Result "0-1"]
[WhiteElo "2027"]
[BlackElo "2070"]
[PlyCount "66"]
[EventDate "2005.10.27"]
[EventType "team-tourn"]
[EventRounds "11"]
[EventCountry "FRA"]
[SourceTitle "EXT 2006"]
[Source "ChessBase"]
[SourceDate "2005.11.24"]
[SourceVersion "1"]
[SourceVersionDate "2005.11.24"]
[SourceQuality "1"]
[WhiteTeam "Montrevel en Bresse"]
[BlackTeam "Paris NAO II"]
[WhiteTeamCountry "FRA"]
[BlackTeamCountry "FRA"]

1. e4 e5 2. Nf3 d6 3. Bc4 Be7 4. 0-0 Nf6 5. Nc3 0-0 6. d4 exd4 7. Nxd4 a6 8. a4 Re8 9. f4 c6 10. Nb3 d5 11. exd5 Bf5 12. dxc6 Nxc6 13. Nd5 Nxd5 14. Qxd5 Qb6+ 15. Kh1 Be6 16. Qe4 Bf6 17. Bd3 g6 18. a5 Qd8 19. Qa4 Bd5 20. f5 Ne5 21. fxg6 hxg6 22. Nc5 Rc8 23. b4 Nxd3 24. cxd3 Bxa1 25. Qxa1 Re2 26. Bh6 f6 27. Rg1 Kf7 28. Bf4 Qe7 29. Qd4 Rd8 30. Qc3 Re8 31. d4 g5 32. Bg3 Kg7 33. h4 Re3 0-1